|
|
|
|
| LEADER |
00000nam a2200000 i 4500 |
| 001 |
ELB111613 |
| 003 |
FINmELB |
| 005 |
20201102103038.0 |
| 006 |
m o u |
| 007 |
cr cn||||||||| |
| 008 |
201029s2018 sp ob 100 0 spa d |
| 020 |
|
|
|a 9788413240800
|q (e-book)
|
| 020 |
|
|
|z 9788491489382
|
| 035 |
|
|
|a (OCoLC)1204298833
|
| 040 |
|
|
|a FINmELB
|b spa,
|e rda
|c FINmELB
|
| 050 |
1 |
4 |
|a DP270
|b .M396 2018
|
| 080 |
|
|
|a 323.25-057.87(44)"1968"(062.552)
|
| 082 |
0 |
4 |
|a 946.082
|2 23
|
| 245 |
0 |
0 |
|a Mayo del 68, 50 años después /
|c Esther Bautista Naranjo y Claude Duée, editoras.
|
| 264 |
|
1 |
|a Madrid :
|b Dykinson, S.L.,
|c 2018.
|
| 264 |
|
4 |
|c ©2018
|
| 300 |
|
|
|a 1 recurso en línea (292 páginas)
|
| 336 |
|
|
|a texto
|b txt
|2 rdacontent/spa
|
| 337 |
|
|
|a computadora
|b c
|2 rdamedia/spa
|
| 338 |
|
|
|a recurso en línea
|b cr
|2 rdacarrier/spa
|
| 500 |
|
|
|a Recoge algunos de los trabajos que se presentaron en el Congreso Internacional de título homónimo, celebrado en la Facultad de Letras de Ciudad Real (Universidad de Castilla-La Mancha) los días 29, 30 y 31 de enero de 2018.
|
| 500 |
|
|
|a En la portada: UCLM, Universidad de Castilla-La Mancha.
|
| 504 |
|
|
|a Incluye referencias bibliográficas.
|
| 588 |
|
|
|a Descripción basada en metadatos suministrados por el editor y otras fuentes.
|
| 590 |
|
|
|a Recurso electrónico. Santa Fe, Arg.: elibro, 2020. Disponible vía World Wide Web. El acceso puede estar limitado para las bibliotecas afiliadas a elibro.
|
| 650 |
|
0 |
|a Francoism.
|
| 650 |
|
0 |
|a Student movements.
|
| 651 |
|
4 |
|a Francia
|x Historia
|y 1968 (Movimientos estudiantiles)
|v Congresos y asambleas.
|
| 655 |
|
4 |
|a Libros electrónicos.
|
| 700 |
1 |
|
|a Bautista Naranjo, Esther,
|e autor,
|e director de la publicación,
|e autor.
|
| 700 |
1 |
|
|a Duée, Claude,
|e autor,
|e director de la publicación,
|e autor.
|
| 797 |
2 |
|
|a elibro, Corp.
|
| 856 |
4 |
0 |
|u https://elibro.uam.elogim.com/ereader/bidiuam/111613
|z Texto completo
|
| 950 |
|
|
|a eLibro Cátedra
|
| 950 |
|
|
|a eLibro Ciencias Sociales
|
| 950 |
|
|
|a eLibro Cátedra España
|